| 000 | 00543nam a2200205 u 4500 | ||
|---|---|---|---|
| 005 | 20240621063651.0 | ||
| 008 | 181120s2001 r 000 0 eng d | ||
| 020 | _a8484038254 | ||
| 035 | _aUPN01000227952 | ||
| 049 | _aCG | ||
| 050 | 4 |
_aPQ2469 E8 _bI8.4e |
|
| 100 | 1 |
_aVerne, Jules, _d1828-1905 _927907 |
|
| 245 | 1 | 3 |
_aLa isla misteriosa / _cJulio Verne. |
| 260 |
_aMadrid : _bEdimat, _c2001. |
||
| 300 | _a192 p. | ||
| 650 | 4 |
_aNovela francesa _98238 |
|
| 650 | 0 |
_aHistorias de aventuras _94131 |
|
| 905 | _aLibro | ||
| 999 |
_c200047 _d200047 |
||